Introduction to introduction behaviour
Gespeichert in:
| 1. Verfasser: | |
|---|---|
| Format: | Buch |
| Sprache: | Englisch |
| Veröffentlicht: |
Facet Publishers
2015
|
| Tags: |
Tag hinzufügen
Keine Tags, Fügen Sie den ersten Tag hinzu!
|
MARC
| LEADER | 00000nam a22000007a 4500 | ||
|---|---|---|---|
| 008 | 240326b |||||||| |||| 00| 0 eng d | ||
| 020 | |a 9781856048507 | ||
| 100 | |a FORD, Nigel | ||
| 245 | |a Introduction to introduction behaviour |c Nigel Ford |g x, 252p. | ||
| 260 | |b Facet Publishers |c 2015 |h London |i 699369 |i 699370 |l Z665.F75 |m Information science | ||
| 500 | |a It includes index | ||
| 942 | |a lcc |c BK |e Adeyemo O.O |f 26/03/2024 | ||
| 952 | |0 0 |1 0 |2 lcc |4 0 |6 Z0665 F75 |7 0 |9 5014 |a ED |b HOL |c QZ |d 2024-03-26 |l 0 |o Z665.F75 |p 2024-0265 |r 2024-03-26 00:00:00 |t 699369 |w 2024-03-26 |y BK | ||
| 952 | |0 0 |1 0 |2 lcc |4 0 |6 Z0665 F75 |7 0 |9 5015 |a HOL |b HOL |c QZ |d 2024-03-26 |l 0 |o Z665.F75 |p 2024-0266 |r 2024-03-26 00:00:00 |t 699370 |w 2024-03-26 |y BK | ||
| 999 | |c 2488 |d 2488 | ||